[Event "Challenge"]
[Site "http://www.queenalice.com/game.php?id=1401984"]
[Date "2016.1.3"]
[Round "-"]
[White "deathbydixxon"]
[Black "Barlat"]
[Result "1-0"]
[WhiteElo "1619"]
[BlackElo "1233"]

1. e4 e5 2. Nf3 f6 3. d4 d6 4. h3 Nc6 5. d5 Nb4 6. a3 Na6 7. Bxa6 bxa6 8. c4 g5
9. Nc3 Bb7 10. Nh2 Bh6 11. Ng4 c6 12. Be3 cxd5 13. cxd5 Qa5 14. O-O Rc8 15. Bd2
Qb6 16. b4 Ne7 17. Nxh6 Qd4 18. Rc1 Ng6 19. Nf5 Qb6 20. Ng7+ Kf7 21. Ne6 h5 22.
Qe2 Nh4 23. Be3 Rxc3 24. Bxb6 Rxc1 25. Rxc1 Bc8 26. Bxa7 Bd7 27. Rc7 Ke7 28.
Qxa6 Rg8 29. Qc6 Kf7 30. Rxd7+ Kg6 31. Qxd6 Rc8 32. Bc5 Ra8 33. Rg7+ Kh6 34. b5
Ng6 35. Nc7 Ra4 36. Qxf6 Rxe4 37. Qxg6# 1-0

[Event "BROKEN WINGS VII"]
[Site "http://www.queenalice.com/game.php?id=1402353"]
[Date "2016.1.5"]
[Round "-"]
[White "perucona"]
[Black "Barlat"]
[Result "0-1"]
[WhiteElo "1334"]
[BlackElo "1380"]

1. e4 e5 2. Nf3 f6 3. Nc3 Bb4 4. Bc4 Bxc3 5. dxc3 d6 6. O-O Bg4 7. h3 Bxf3 8.
Qxf3 Nc6 9. Be3 b5 10. Bd3 b4 11. c4 a5 12. b3 Nh6 13. Bxh6 gxh6 14. Rae1 Nd4
15. Qg3 h5 16. h4 Ke7 17. Re3 a4 18. bxa4 Rg8 19. Qh3 Rxa4 20. Ra1 c5 21. Bf1
Nxc2 22. Rc1 Nxe3 23. fxe3 Rxa2 24. Re1 b3 25. Rb1 b2 26. Qf3 Qb8 27. Qf2 Ra1
28. Qe1 Qa8 29. Bd3 Rxb1 30. Bxb1 Qa1 31. Kf2 Qa8 32. Qe2 Qa1 33. Qe1 Ra8 34.
Ke2 Qa6 35. Qc3 Qa1 36. Bc2 Ra3 37. Qe1 Qxe1+ 38. Kf3 Qxe3# 0-1

[Event "BROKEN WINGS XI"]
[Site "http://www.queenalice.com/game.php?id=1402357"]
[Date "2016.1.5"]
[Round "-"]
[White "perucona"]
[Black "Barlat"]
[Result "0-1"]
[WhiteElo "1288"]
[BlackElo "1342"]

1. e4 e5 2. Nf3 d6 3. Nc3 Bg4 4. Be2 Bxf3 5. Bxf3 Nc6 6. O-O Nd4 7. Re1 d5 8.
exd5 Bb4 9. Rxe5+ Kf8 10. Qe1 Nxc2 11. Qd1 Nxa1 12. d3 Bxc3 13. bxc3 f6 14. Rf5
g6 15. Rf4 g5 16. Rf5 Nh6 17. Bb2 Nxf5 18. Bxa1 Nh4 19. Bb2 Qd6 20. g3 Nxf3+ 21.
Kg2 Qxd5 22. Qxf3 Qxa2 23. Bc1 Rg8 24. Qe3 Re8 25. Qd4 Qc2 26. Be3 h5 27. Qc5+
Re7 28. Qxa7 Qxd3 29. Qxb7 Qxc3 30. h3 h4 31. Qb8+ Kf7 32. g4 Rxb8 33. Kh2 Rxe3
34. fxe3 Qxe3 35. Kg2 Rb2+ 36. Kf1 Qc1# 0-1

[Event "QUANDO UM GRANDE AMOR SE FAZ III"]
[Site "http://www.queenalice.com/game.php?id=1402395"]
[Date "2016.1.5"]
[Round "-"]
[White "rogeriocastro"]
[Black "Barlat"]
[Result "0-1"]
[WhiteElo "1301"]
[BlackElo "1291"]

1. e4 e5 2. Nf3 f6 3. Nc3 Bb4 4. Bc4 Bxc3 5. bxc3 d6 6. O-O Bg4 7. Be2 Bxf3 8.
Bxf3 Nc6 9. d3 Nh6 10. Bxh6 gxh6 11. Kh1 b5 12. Qe2 b4 13. cxb4 Nxb4 14. a3 Nc6
15. Rfc1 Nd4 16. Qe3 Nxf3 17. Qxf3 Rb8 18. Rab1 Rxb1 19. Rxb1 c5 20. Rb2 Qa5 21.
Ra2 Qe1# 0-1

[Event "QUANDO UM GRANDE AMOR SE FAZ 24"]
[Site "http://www.queenalice.com/game.php?id=1402417"]
[Date "2016.1.5"]
[Round "-"]
[White "rogeriocastro"]
[Black "Barlat"]
[Result "0-1"]
[WhiteElo "1412"]
[BlackElo "1448"]

1. e4 e5 2. Nf3 d6 3. Nc3 Bg4 4. Be2 Bxf3 5. Bxf3 Nf6 6. O-O Nc6 7. d3 Nb4 8.
Bd2 c6 9. Bg5 h6 10. Bxf6 gxf6 11. Qe2 d5 12. exd5 cxd5 13. Nb5 a6 14. Na3 Bd6
15. c3 Nc6 16. d4 e4 17. Bh5 Qc7 18. Rfe1 Bxh2+ 19. Kh1 Rg8 20. g3 Bxg3 21. fxg3
Qxg3 22. Rg1 Qh3+ 23. Qh2 Rxg1+ 24. Rxg1 Qf5 25. Be2 Ke7 26. Qxh6 Qf2 27. Rg2
Qe1+ 28. Kh2 b5 29. b4 Qxc3 30. Nb1 Qxd4 31. Rg7 Qf2+ 32. Kh3 Qxe2 33. Kh4 Qh2+
34. Kg4 Qxh6 35. Rxf7+ Kxf7 36. Nd2 e3 37. Nf1 e2 38. Ne3 Qxe3 39. Kh4 e1=Q+ 40.
Kg4 Rg8+ 41. Kh5 Q1g1 42. Kh4 Qh1# 0-1

[Event "Challenge"]
[Site "http://www.queenalice.com/game.php?id=1402579"]
[Date "2016.1.5"]
[Round "-"]
[White "Lamorteoscura77"]
[Black "Barlat"]
[Result "1-0"]
[WhiteElo "1500"]
[BlackElo "1100"]

1. e4 e5 2. d4 exd4 3. f4 Nc6 4. Nf3 Nf6 5. Bd3 d5 6. Nbd2 dxe4 7. Nxe4 Ng4 8.
Qe2 Bb4+ 9. c3 dxc3 10. bxc3 Ba5 11. Ba3 Bf5 12. Nf6# 1-0

[Event "MARROQUIM II"]
[Site "http://www.queenalice.com/game.php?id=1421811"]
[Date "2016.5.7"]
[Round "-"]
[White "rogeriooliveira"]
[Black "Barlat"]
[Result "0-1"]
[WhiteElo "1340"]
[BlackElo "1516"]

1. e4 d5 2. e5 f6 3. d4 fxe5 4. dxe5 Nh6 5. Bxh6 gxh6 6. Nf3 Bg4 7. Be2 Bxf3 8.
Bxf3 c6 9. O-O Bg7 10. Nc3 Bxe5 11. g3 Bxc3 12. bxc3 Rf8 13. Bh5+ Kd7 14. Qg4+
e6 15. Rfe1 Qf6 16. Rad1 Qxc3 17. Qxe6+ Kc7 18. Qe7+ Nd7 19. Qe5+ Nxe5 20. Rxe5
Qxe5 21. Bg4 Qb2 22. a4 Qxc2 23. Rf1 Qxa4 24. Bd1 Qd4 25. Kg2 Rae8 26. f3 Qb2+
27. Rf2 Qc1 28. Be2 Qc2 29. Bf1 Qg6 30. g4 Re1 31. h3 a5 32. Ra2 Qb1 33. Rf2 Rg8
34. h4 h5 35. Kg3 Rxf1 36. Rg2 Rg1 37. Rxg1 Qxg1+ 38. Kf4 hxg4 39. fxg4 Qxg4+
40. Ke3 Qe4+ 41. Kf2 Rg2+ 42. Kf1 Qf3+ 43. Ke1 Qe2# 0-1

[Event "Challenge"]
[Site "http://www.queenalice.com/game.php?id=1431426"]
[Date "2016.7.13"]
[Round "-"]
[White "LuizFerreira"]
[Black "Barlat"]
[Result "0-1"]
[WhiteElo "1369"]
[BlackElo "1416"]

1. d4 e6 2. Nf3 Bb4+ 3. c3 Ba5 4. Be3 Nc6 5. Bg5 f6 6. Bh4 e5 7. dxe5 g5 8. Bg3
g4 9. Nh4 fxe5 10. b4 Bb6 11. Nf5 d6 12. Ng7+ Kf7 13. Nh5 Bf5 14. Nd2 Qg5 15.
Nf4 exf4 16. h4 Qf6 17. Bxf4 Nh6 18. e4 Bg6 19. f3 gxf3 20. Qxf3 a5 21. Qg3 d5
22. e5 Qe7 23. Bxh6 axb4 24. c4 dxc4 25. Nxc4 Ba5 26. Be2 b3+ 27. Kf1 b2 28.
Nxb2 Nxe5 29. Bg5 Qd6 30. Bf4 Bc3 31. Bxe5 Bxe5 32. Qg5 Bxb2 33. Rb1 Bxb1 34.
Qb5 Bxa2 35. Qxb2 Qf4+ 0-1

[Event "VENENOSA XXVII"]
[Site "http://www.queenalice.com/game.php?id=1435654"]
[Date "2016.8.10"]
[Round "-"]
[White "rogeriocastro"]
[Black "Barlat"]
[Result "0-1"]
[WhiteElo "1297"]
[BlackElo "1564"]

1. e4 e5 2. Nf3 f6 3. Nc3 Bb4 4. Bb5 Bxc3 5. bxc3 c6 6. Be2 d6 7. O-O Bg4 8. h3
Bxf3 9. Bxf3 Nh6 10. d3 f5 11. exf5 Nxf5 12. Bg4 g6 13. Bxf5 gxf5 14. Re1 Rg8
15. g3 f4 16. Kh2 fxg3+ 17. fxg3 Qf6 18. Rf1 Qe6 19. Rf2 Na6 20. Rf3 e4 21. dxe4
Qxe4 22. Re3 Qxe3 23. Bxe3 d5 24. Qe1 Kd7 25. Qf1 Rge8 26. Bg1 c5 27. Qf7+ Re7
28. Qf5+ Kd6 29. Qf4+ Kd7 30. Qg4+ Re6 31. Re1 Re8 32. Qg7+ R6e7 33. Qg4+ Kd6
34. Rxe7 Rxe7 35. Qf4+ Kc6 36. Qf6+ Kd7 37. Qf5+ Kd6 38. Qf4+ Kd7 39. Bf2 Re2
40. Qf5+ Kc6 0-1

[Event "APU XIII"]
[Site "http://www.queenalice.com/game.php?id=1435923"]
[Date "2016.8.12"]
[Round "-"]
[White "perucona"]
[Black "Barlat"]
[Result "0-1"]
[WhiteElo "1319"]
[BlackElo "1557"]

1. e4 e5 2. Nf3 f6 3. Nc3 Bb4 4. Bb5 Bxc3 5. bxc3 c6 6. Be2 d6 7. O-O Bg4 8. h3
Bxf3 9. Bxf3 d5 10. exd5 cxd5 11. Re1 Nc6 12. d4 Nge7 13. Be3 e4 14. Bh5+ g6 15.
Be2 Nf5 16. g4 Nh4 17. f3 exf3 18. Bb5 a6 19. Bxc6+ bxc6 20. Rf1 Qd6 21. Qe1 h5
22. gxh5 Rxh5 23. Kh1 g5 24. Bf2+ Kd7 25. Bxh4 Rxh4 26. Rxf3 Rah8 27. Qf1 Qe6
28. Re1 Rxh3+ 29. Rxh3 Rxh3+ 30. Kg2 Qg4+ 31. Kf2 Rf3+ 32. Ke2 Rxf1+ 33. Kxf1
Qf3+ 34. Kg1 Qg3+ 35. Kf1 Qxc3 36. Rd1 Qf3+ 37. Ke1 Qc3+ 38. Kf1 Qxc2 39. Re1
Qf5+ 40. Kg1 Qg4+ 41. Kf1 Qxd4 42. Kg2 Qd2+ 43. Kf1 Qxa2 44. Re2 Qxe2+ 45. Kg1
a5 46. Kh1 g4 47. Kg1 a4 48. Kh1 a3 49. Kg1 a2 0-1

[Event "Challenge"]
[Site "http://www.queenalice.com/game.php?id=1438779"]
[Date "2016.8.31"]
[Round "-"]
[White "recchdegomm1"]
[Black "Barlat"]
[Result "0-1"]
[WhiteElo "1286"]
[BlackElo "1478"]

1. e4 e5 2. Nf3 f6 3. Nc3 Bb4 4. a3 Bxc3 5. dxc3 d6 6. Bb5+ Bd7 7. O-O Bxb5 8.
Re1 Nc6 9. Nh4 f5 10. Qd5 Ba6 11. Nxf5 g6 12. Qe6+ Nge7 13. Bg5 gxf5 14. b4 Qd7
15. Qh6 fxe4 16. Qh5+ Ng6 17. f4 exf4 18. Rxe4+ Ne5 19. Bf6 Rf8 20. Qg5 Qc6 21.
Qf5 Qb6+ 22. Rd4 c5 23. Qe6+ Ne7 24. Rxd6 Qc7 25. Qxe5 Rf7 26. Bg5 Rd8 27. Rad1
Rxd6 28. Rxd6 Rf5 29. Qh8+ Kf7 30. Qxh7+ Kf8 31. Bh6+ Ke8 32. Qh8+ Kf7 33. Rd2
Qc8 34. Qh7+ Ke8 35. Rd1 Be2 36. Re1 Re5 37. Qh8+ Kd7 38. Qxe5 Nc6 39. Rxe2 Nxe5
40. Rxe5 Qh8 41. Rd5+ Kc6 42. Rh5 Qxc3 43. g3 fxg3 44. Rxc5+ Qxc5+ 45. bxc5
gxh2+ 46. Kxh2 Kxc5 47. Bf8+ Kc4 48. a4 Kc3 49. a5 Kxc2 50. Bh6 b5 51. a6 b4 52.
Be3 b3 53. Bxa7 b2 54. Bd4 b1=Q 55. Bc5 Qb5 56. a7 Qa5 57. Bb6 Qa6 58. Kh3 Kd3
59. Kg4 Qc8+ 60. Kg5 Ke4 61. Ba5 Qa6 0-1

[Event "KIBELOCO XX"]
[Site "http://www.queenalice.com/game.php?id=1438970"]
[Date "2016.9.1"]
[Round "-"]
[White "rogeriooliveira"]
[Black "Barlat"]
[Result "0-1"]
[WhiteElo "1333"]
[BlackElo "1520"]

1. e4 e5 2. Nf3 f6 3. Nc3 Bb4 4. Bb5 Bxc3 5. bxc3 c6 6. Be2 d6 7. O-O Bg4 8. h3
Bxf3 9. Bxf3 d5 10. exd5 cxd5 11. Re1 e4 12. Be2 Nc6 13. Bh5+ g6 14. Be2 f5 15.
f3 exf3 16. Bxf3+ Nge7 17. Re2 h5 18. h4 a5 19. Qe1 d4 20. cxd4 Qxd4+ 21. Kf1
Qxa1 22. Bxc6+ bxc6 23. Ba3 Qxe1+ 24. Rxe1 Rb8 25. Rd1 Kf7 26. Re1 Nd5 27. Bc1
Nb4 28. c3 Nxa2 29. Ba3 Rhe8 30. Rxe8 Rxe8 31. d3 Nxc3 32. g3 Re3 33. Bb2 Nd1
34. Bc1 Rxd3 35. Kg2 Ne3+ 36. Kf2 a4 37. Ke2 Rc3 38. Bb2 Rb3 39. Bc1 a3 40. Bxa3
Rxa3 0-1

[Event "KIBELOCO XXXI"]
[Site "http://www.queenalice.com/game.php?id=1438986"]
[Date "2016.9.1"]
[Round "-"]
[White "rogeriooliveira"]
[Black "Barlat"]
[Result "0-1"]
[WhiteElo "1405"]
[BlackElo "1494"]

1. e4 e5 2. Nf3 d6 3. Nc3 Bg4 4. Be2 Bxf3 5. Bxf3 Nf6 6. O-O Nc6 7. d3 Nd4 8.
Be3 d5 9. exd5 Nxf3+ 10. gxf3 Bb4 11. Re1 Bxc3 12. bxc3 Nxd5 13. Bd2 f6 14. d4
c6 15. Kh1 g5 16. Rg1 a5 17. c4 Nf4 18. Bxf4 exf4 19. Qe1+ Kf7 20. Qe2 Qxd4 21.
Rad1 Qb2 22. Ra1 Rae8 23. Qd2 Rd8 24. Qc1 Qd4 25. Qd1 Qxf2 26. Rg2 Rxd1+ 27.
Rxd1 Qxf3 28. Rg1 h5 29. c5 h4 30. h3 g4 31. hxg4 h3 32. Kh2 hxg2# 0-1

[Event "DEBATE XIII"]
[Site "http://www.queenalice.com/game.php?id=1446507"]
[Date "2016.10.20"]
[Round "-"]
[White "rogeriooliveira"]
[Black "Barlat"]
[Result "0-1"]
[WhiteElo "1333"]
[BlackElo "1531"]

1. e4 e5 2. Nf3 f6 3. Bb5 c6 4. Be2 d6 5. Nc3 Bg4 6. h3 Bxf3 7. Bxf3 d5 8. exd5
cxd5 9. O-O e4 10. Be2 Bb4 11. f3 Bxc3 12. dxc3 Qb6+ 13. Kh2 exf3 14. gxf3 Qd6+
15. f4 Nc6 16. Bh5+ g6 17. Be2 g5 18. Rf2 gxf4 19. Bxf4 Qc5 20. Bh5+ Kd7 21.
Bg4+ Ke7 22. Re2+ Kf7 23. Bh5+ Kg7 24. Rg2+ Kf8 25. Qd2 d4 26. cxd4 Qxh5 27. d5
Rd8 28. Qf2 Nb4 29. c3 Nd3 30. Qg3 Nxf4 31. Qxf4 Rxd5 32. Qg3 Rg5 33. Qf4 Rxg2+
34. Kxg2 Qe2+ 35. Qf2 Qxf2+ 0-1

[Event "DEBATE XXVIII"]
[Site "http://www.queenalice.com/game.php?id=1446522"]
[Date "2016.10.20"]
[Round "-"]
[White "rogeriooliveira"]
[Black "Barlat"]
[Result "0-1"]
[WhiteElo "1333"]
[BlackElo "1508"]

1. e4 e5 2. Nf3 d6 3. Nc3 Bg4 4. h3 Bxf3 5. Qxf3 Nf6 6. d3 Nc6 7. Be2 Nb4 8. Kd2
c5 9. a3 Nc6 10. g4 g6 11. b3 Bh6+ 12. Kd1 Bxc1 13. Rxc1 h5 14. g5 Nd4 15. Qg2
Nh7 16. Kd2 Nxe2 17. Kxe2 Nxg5 18. Rhf1 Qa5 19. a4 Qxc3 20. f3 f6 21. Kf2 Qd2+
22. Kg1 Qxg2+ 23. Kxg2 f5 24. exf5 gxf5 25. Rfe1 e4 26. dxe4 fxe4 27. f4 Nf3 28.
Rxe4+ Kd7 29. f5 Nd2 30. Rf4 Rhg8+ 31. Kf2 Rae8 32. f6 Ne4+ 33. Kf3 Rgf8 34. f7
Nd2+ 35. Kf2 Ne4+ 0-1

[Event "CHICOTE VII"]
[Site "http://www.queenalice.com/game.php?id=1455030"]
[Date "2016.12.16"]
[Round "-"]
[White "rogeriooliveira"]
[Black "Barlat"]
[Result "0-1"]
[WhiteElo "1333"]
[BlackElo "1495"]

1. e4 e5 2. Nf3 f6 3. Nc3 Bb4 4. Bb5 Bxc3 5. dxc3 c6 6. Be2 d6 7. O-O Bg4 8. h3
Bxf3 9. Bxf3 Nh6 10. Bxh6 gxh6 11. Re1 d5 12. exd5 cxd5 13. Qe2 Nc6 14. Rad1 Rg8
15. g3 e4 16. Bh1 h5 17. Rd2 a5 18. Rf1 h4 19. Kh2 hxg3+ 20. fxg3 Rf8 21. Rdd1
f5 22. Rf2 Ne5 23. Rdf1 Rc8 24. g4 Nc4 25. b3 Na3 26. gxf5 Qc7+ 27. Kg1 Qg3+ 28.
Rg2 Qxh3 29. Rh2 Qxc3 30. Qh5+ Ke7 0-1

[Event "CASA IX"]
[Site "http://www.queenalice.com/game.php?id=1465748"]
[Date "2017.2.21"]
[Round "-"]
[White "rogeriooliveira"]
[Black "Barlat"]
[Result "0-1"]
[WhiteElo "1333"]
[BlackElo "1549"]

1. e4 e5 2. Nf3 d6 3. Nc3 Bg4 4. h3 Bxf3 5. Qxf3 Nc6 6. d3 Nd4 7. Qe2 Nxe2 8.
Bxe2 Nf6 9. O-O d5 10. exd5 Bb4 11. Bd2 Bxc3 12. Bxc3 h5 13. Bd2 Qxd5 14. Rfe1
e4 0-1

[Event "CASA XII"]
[Site "http://www.queenalice.com/game.php?id=1465751"]
[Date "2017.2.21"]
[Round "-"]
[White "rogeriooliveira"]
[Black "Barlat"]
[Result "0-1"]
[WhiteElo "1333"]
[BlackElo "1540"]

1. e4 e5 2. Nf3 f6 3. Nc3 Bb4 4. Bb5 Bxc3 5. bxc3 c6 6. Be2 d6 7. O-O Bg4 8. h3
Bxf3 9. Bxf3 d5 10. exd5 cxd5 11. Re1 e4 12. Bh5+ g6 13. Be2 Nc6 14. d3 exd3 0-1

[Event "Challenge"]
[Site "http://www.queenalice.com/game.php?id=1474326"]
[Date "2017.4.20"]
[Round "-"]
[White "Dinda54"]
[Black "Barlat"]
[Result "1-0"]
[WhiteElo "1633"]
[BlackElo "1531"]

1. e4 e5 2. Bc4 d6 3. d3 Nf6 4. Be3 Bg4 5. f3 Bh5 6. Qd2 Nc6 7. Nc3 Nb4 8. a3
Nc6 9. Nh3 h6 10. O-O-O g5 11. Nd5 Nxd5 12. Bxd5 g4 13. fxg4 Bg6 14. Rdf1 a5 15.
Qf2 Qd7 16. g5 Bg7 17. gxh6 Bxh6 18. Bxh6 Rxh6 19. Ng5 Rh5 20. h4 Nd4 21. g4 Rh8
22. h5 Bh7 23. Bxf7+ Kd8 24. Qf6+ Kc8 25. Qxh8+ Qd8 26. Be6+ Nxe6 27. Qxh7 Nxg5
28. Qh6 Ra6 29. Rf8 Nf7 30. Rxf7 c5 31. Rf8 d5 32. Rxd8+ Kxd8 33. Qf8+ Kc7 34.
Rf1 Re6 35. Rf7+ Kc6 36. Qc8+ Kb5 37. Qd7+ Ka6 38. Qxb7# 1-0

[Event "Challenge"]
[Site "http://www.queenalice.com/game.php?id=1480296"]
[Date "2017.5.30"]
[Round "-"]
[White "thbn"]
[Black "Barlat"]
[Result "1-0"]
[WhiteElo "1608"]
[BlackElo "1513"]

1. e4 e5 2. Nf3 f6 3. Bc4 Nc6 4. Nc3 Bb4 5. d3 Bxc3+ 6. bxc3 Nh6 7. O-O d6 8.
Nh4 Bg4 9. f3 Bh5 10. Bxh6 gxh6 11. Nf5 Ne7 12. Ng7+ Kf8 13. Ne6+ Ke8 14. Nxd8
Kxd8 15. Rb1 b6 16. d4 exd4 17. cxd4 a5 18. c3 Nc6 19. Qa4 Ne7 20. Be6 Be8 21.
Qc4 Nc6 22. d5 Ne5 23. Qb3 a4 24. Qb4 c5 25. dxc6 Bxc6 26. Qxd6+ Nd7 27. Qxc6
Ra7 28. Rfd1 1-0

[Event "Challenge"]
[Site "http://www.queenalice.com/game.php?id=1483690"]
[Date "2017.6.24"]
[Round "-"]
[White "Nuzzera"]
[Black "Barlat"]
[Result "1-0"]
[WhiteElo "1707"]
[BlackElo "1569"]

1. e3 e5 2. Qh5 Nc6 3. Bb5 d6 4. Bxc6+ bxc6 5. Qf3 Nf6 6. Qxc6+ Bd7 7. Qb7 h5 8.
Qf3 Bc6 9. Qxc6+ Nd7 10. b3 h4 11. Nc3 Rh6 12. Nd5 Rc8 13. Qb7 g6 14. Qxa7 Bg7
15. a4 e4 16. c3 c6 17. Nb4 Ra8 18. Qb7 Nc5 19. Qxc6+ Ke7 20. Nd5+ Kf8 21. Nb6
Rc8 22. Nxc8 f5 23. Qxd6+ Qxd6 24. Nxd6 Nxb3 25. Rb1 Na5 26. Ba3 Be5 27. Nxf5+
Kf7 28. Nxh6+ Kg7 29. f4 Bf6 30. Ng4 Nc4 31. Bc5 Bd8 32. Rb7+ Kg8 33. Nh6+ Kh8
34. Nf7+ Kg7 35. Nxd8+ Kh6 36. Bf8+ Kh5 37. h3 g5 38. Rb5 Kg6 39. Rxg5+ Kf6 40.
Ne2 Nb2 41. Bg7+ Ke7 42. Nb7 Nd3+ 43. Kf1 Kf7 44. Nd4 Nb2 45. Ke2 1-0

[Event "Let's Play Chess!"]
[Site "http://www.queenalice.com/game.php?id=1594946"]
[Date "2020.1.3"]
[Round "-"]
[White "Useless"]
[Black "Barlat"]
[Result "1-0"]
[WhiteElo "1583"]
[BlackElo "1559"]

1. e4 e5 2. Nf3 d6 3. Nc3 Bg4 4. d4 Bxf3 5. Qxf3 Nc6 6. d5 Nb4 7. Qd1 Nf6 8. Bg5
h6 9. Bxf6 gxf6 10. a3 Nc6 11. dxc6 bxc6 12. Bc4 Rb8 13. Qh5 Rxb2 14. Qxf7# 1-0